000 01239cad a22002535a 4500
001 L153737
008 110824e20110818xxkd f s f000 0 eng d
020 _a9781409830832
035 _a(Sirsi) u153737
041 0 _aeng
110 1 _aUnited Kingdom
_bDepartment for Communities and Local Government
_94939
245 0 0 _aHouse building
_bJune quarter 2011, England
_h[electronic resource]
260 _aLondon
_bDCLG
_c2011
490 0 _aDCLG Housing Statistical Release
_vJune quarter 2011, 18 August 2011
505 2 _aSeasonally adjusted results -- non-seasonally adjusted results -- sub-national trends -- other improved inspectors
520 _aPresents figures on new build housing starts and completions in England; figures for the UK and constituent countries are also available in the accompanying tables; the latest statistics report.
590 _aKA
650 2 4 _aDCLG QUARTERLY HOUSE BUILDING STATISTICS
651 4 _aEngland
_y886-
690 _aPROPERTY-RESIDENTIAL PROPERTY-RESIDENTIAL PROPERTY DEVELOPMENT
690 _aBUILT ENVIRONMENT-CONSTRUCTION MARKET
856 4 0 _uhttps://www.communities.gov.uk/documents/statistics/pdf/1967957.pdf
_zView the item free of charge at www.communities.gov.uk
942 _n0
999 _c112679
_d112679